000 00682pam a2200229 a 4500
001 2927036
005 20180302081302.0
008 890106s1989 njua b 000 0 eng
010 _a 89030117
020 _a0130740489
040 _aDLC
_cDLC
_dDLC
041 _aeng
080 _a428.64 JAM
082 0 0 _a428.64 JAM
_219
100 1 _a25
101 _aEDU
245 1 0 _aBeyond words :
_cMark O. James, Norman W. Evans.
504 _aIncludes bibliographical references.
906 _a7
_bcbc
_corignew
_d1
_eocip
_f19
_gy-gencatlg
942 _2ddc
_cBK
999 _c44064
_d44064